| 000 | 00521nam a2200181Ia 4500 | ||
|---|---|---|---|
| 003 | GCL | ||
| 008 | 140319s9999 xx 000 0 eng d | ||
| 040 |
_aGCL / _cGCL |
||
| 082 | 0 | 4 |
_a909.03 _bC D |
| 100 | 1 | _aCHRISTOPHEATIAS, JEAN | |
| 245 | 1 | 0 |
_aDICTIONNAIRE DE CIVILISATION JUIVE: AUTEURS, OEUVRES, NATIONS / _cCHRISTOPHEATIAS, JEAN |
| 260 |
_a[S.N] : _bLAROUSSE ، _c1997 |
||
| 300 | _a345 P | ||
| 650 | 0 | 4 | _aCIVILIZATION |
| 650 | 0 | 4 | _aCIVILIZATION - DICTIONARY |
| 650 | 0 | 4 | _aHISTORY - DICTIONARY |
| 942 |
_2ddc _cBK |
||
| 999 |
_c16230 _d16230 |
||